| 000 | 01309cam a2200373 a 4500 | ||
|---|---|---|---|
| 001 | 3505303 | ||
| 003 | OSt | ||
| 005 | 20251208155230.0 | ||
| 008 | 950421s1995 miu b 001 0 eng | ||
| 010 | _a 95016836 | ||
| 020 |
_a0310493005 _qacid-free paper |
||
| 020 |
_z9780310572206 _qebook |
||
| 020 |
_a9780310493006 _q(acid-free paper) |
||
| 035 | _a3505303 | ||
| 040 |
_aDLC _cDLC _dDLC |
||
| 050 | 0 | 0 |
_aBS2705.3 _b.T47 1995 |
| 082 | 0 | 0 |
_a227/.606 _220 |
| 100 | 1 | _aThielman, Frank. | |
| 245 | 1 | 0 |
_aPhilippians / _cFrank Thielman. |
| 260 |
_aGrand Rapids, Mich. : _bZondervan Pub. House, _cc1995. |
||
| 300 |
_a256 p. ; _c24 cm. |
||
| 336 |
_atext _btxt _2rdacontent |
||
| 337 |
_aunmediated _bn _2rdamedia |
||
| 338 |
_avolume _bnc _2rdacarrier |
||
| 490 | 1 | _aThe NIV application commentary series | |
| 504 | _aIncludes bibliographical references and index. | ||
| 630 | 0 | 0 |
_aBible. _pPhilippians _xCommentaries. |
| 830 | 0 | _aNIV application commentary. | |
| 856 | 4 | 2 |
_3Publisher description _uhttp://www.loc.gov/catdir/enhancements/fy0633/95016836-d.html |
| 906 |
_a7 _bcbc _corignew _d1 _eocip _f19 _gy-gencatlg |
||
| 942 |
_2lcc _cBK |
||
| 999 |
_c20968 _d20967 |
||